000 00670cab a2200229 4500
001 WB3425-68
008 090401t1998 xxu||||| |||| 00| 0 eng d
035 _a(Sirsi) u87221
041 _aeng
245 _aPlanning for the future
260 _c1998
350 _a0
490 _aRICS Press Release
_v(pr68.Iup) 23 June 1998, (1)
520 _aA breakfast meeting at the RICS will discuss the practical implications of the Government`s policy on brownfield sites.
650 _aBROWNFIELD SITES
650 _aGOVERNMENT POLICY
650 _aRICS
650 _aSUSTAINABLE DEVELOPMENT
690 _aHOUSING-DEVELOPMENT
942 _n0
948 _c06/07/1998
999 _c55002
_d55002